[Event "Kuressaare EST-LAT-LTU"]
[Site "Kuressaare"]
[Date "2023.06.01"]
[Round "1.7"]
[White "Olde, Margareth"]
[Black "Golsta, Madara"]
[Result "1-0"]
[WhiteElo "2256"]
[BlackElo "1980"]
[PlyCount "61"]
[EventDate "2023.06.01"]
[EventType "team-tourn"]
[EventRounds "3"]
[EventCountry "EST"]
[SourceTitle "CBM 214 Extra"]
[Source "ChessBase"]
[SourceDate "2023.07.31"]
[SourceVersion "1"]
[SourceVersionDate "2023.07.31"]
[SourceQuality "1"]
[WhiteTeam "Estonia"]
[BlackTeam "Latvia"]
[WhiteTeamCountry "EST"]
[BlackTeamCountry "LAT"]

1. d4 Nf6 2. c4 g6 3. Nc3 d5 4. Nf3 Bg7 5. Qb3 dxc4 6. Qxc4 0-0 7. e4 Bg4 8. Be3 c6 9. Rd1 Qa5 10. b4 Qh5 11. Be2 Nbd7 12. h3 Bh6 13. Qd3 Kg7 14. Rh2 Bxe3 15. hxg4 Bxf2+ 16. Kf1 Qxg4 17. Kxf2 Qf4 18. Kg1 Ng4 19. Rh3 Ndf6 20. g3 Qc7 21. e5 Nd5 22. Nxd5 cxd5 23. Ng5 h6 24. Bxg4 hxg5 25. Qd2 Rh8 26. Rxh8 Rxh8 27. Rc1 Qb6 28. Rc5 f5 29. Bf3 e6 30. Qxg5 a5 31. Kg2 1-0

[Event "Titled Tuesday intern op 22 Mar Early"]
[Site "Chess.com INT"]
[Date "2022.03.22"]
[Round "6"]
[White "Flis, Pawel"]
[Black "Golsta, Madara"]
[Result "0-1"]
[WhiteElo "1885"]
[BlackElo "1982"]
[PlyCount "76"]
[EventDate "2022.03.22"]
[EventType "swiss (blitz)"]
[EventRounds "11"]
[EventCountry "USA"]
[SourceTitle "CBM 207 Extra"]
[Source "ChessBase"]
[SourceDate "2022.05.31"]
[SourceVersion "1"]
[SourceVersionDate "2022.05.31"]
[SourceQuality "1"]

1. e4 c5 2. d4 cxd4 3. Nf3 Nc6 4. Nxd4 Nf6 5. Nc3 g6 6. Nxc6 bxc6 7. e5 Nd5 8. Nxd5 cxd5 9. Qxd5 Rb8 10. Bc4 e6 11. Qd4 Bg7 12. 0-0 d5 13. Bb3 0-0 14. f4 Qc7 15. Be3 a5 16. Qc5 Qb7 17. a4 Bd7 18. Qxa5 Rfc8 19. Qa7 Qc6 20. Qd4 Bf8 21. Kh1 Qa6 22. Qa7 Qc6 23. Qd4 Qa6 24. h4 Rb4 25. Qa7 Qc6 26. h5 Ra8 27. Qxa8 Qxa8 28. hxg6 hxg6 29. a5 Qa6 30. Rfd1 Qe2 31. Re1 Qh5+ 32. Kg1 Re4 33. a6 Rxe3 34. Rxe3 Bc5 35. Rae1 Qh4 36. R1e2 Bb5 37. a7 Bxa7 38. Kf1 Bxe3 0-1

[Event "Titled Tuesday intern op 22 Mar Early"]
[Site "Chess.com INT"]
[Date "2022.03.22"]
[Round "11"]
[White "Kanyamarala, Trisha"]
[Black "Golsta, Madara"]
[Result "1-0"]
[WhiteElo "2180"]
[BlackElo "1982"]
[PlyCount "55"]
[EventDate "2022.03.22"]
[EventType "swiss (blitz)"]
[EventRounds "11"]
[EventCountry "USA"]
[SourceTitle "CBM 207 Extra"]
[Source "ChessBase"]
[SourceDate "2022.05.31"]
[SourceVersion "1"]
[SourceVersionDate "2022.05.31"]
[SourceQuality "1"]

1. Nf3 Nf6 2. c4 c5 3. Nc3 g6 4. g3 Bg7 5. Bg2 0-0 6. 0-0 d6 7. d4 cxd4 8. Nxd4 Nc6 9. Nxc6 bxc6 10. Bxc6 Rb8 11. Bg2 Be6 12. Nd5 Qd7 13. e4 Rfc8 14. Qe2 Bg4 15. f3 Be6 16. Be3 Nxe4 17. fxe4 Rxb2 18. Qf3 Rxc4 19. Rab1 Rcc2 20. Rxb2 Rxb2 21. Rc1 Qb7 22. h3 Be5 23. Rc7 Rb1+ 24. Kh2 Qb5 25. Nxe7+ Kg7 26. Nf5+ Bxf5 27. exf5 Qd3 28. Bh6+ 1-0

[Event "Titled Tuesday intern op 15 Mar Early"]
[Site "Chess.com INT"]
[Date "2022.03.15"]
[Round "6"]
[White "Golsta, Madara"]
[Black "Kanyamarala, Trisha"]
[Result "0-1"]
[WhiteElo "1982"]
[BlackElo "2180"]
[PlyCount "64"]
[EventDate "2022.03.15"]
[EventType "swiss (blitz)"]
[EventRounds "11"]
[EventCountry "USA"]
[SourceTitle "CBM 207 Extra"]
[Source "ChessBase"]
[SourceDate "2022.05.31"]
[SourceVersion "1"]
[SourceVersionDate "2022.05.31"]
[SourceQuality "1"]

1. e4 c5 2. Nf3 d6 3. d4 cxd4 4. Nxd4 Nf6 5. Nc3 Nc6 6. Bg5 e6 7. Qd2 a6 8. f3 h6 9. Be3 Bd7 10. 0-0-0 b5 11. Nxc6 Bxc6 12. Ne2 d5 13. Nd4 Bb7 14. e5 Nd7 15. f4 Rc8 16. Kb1 Nc5 17. Bd3 Ne4 18. Bxe4 dxe4 19. Qe2 Qc7 20. Rhf1 Bd5 21. f5 Bc4 22. Qh5 Bxf1 23. Rxf1 exf5 24. Qxf5 Bc5 25. c3 Bxd4 26. Bxd4 0-0 27. Qxe4 Qc4 28. Rf3 Rfe8 29. Qf5 Rc7 30. Rg3 Re6 31. Rg4 Qe2 32. Bb6 Qd1# 0-1

[Event "Titled Tuesday intern op 15 Mar Early"]
[Site "Chess.com INT"]
[Date "2022.03.15"]
[Round "7"]
[White "Sarkar, Justin"]
[Black "Golsta, Madara"]
[Result "1-0"]
[WhiteElo "2314"]
[BlackElo "1982"]
[PlyCount "25"]
[EventDate "2022.03.15"]
[EventType "swiss (blitz)"]
[EventRounds "11"]
[EventCountry "USA"]
[SourceTitle "CBM 207 Extra"]
[Source "ChessBase"]
[SourceDate "2022.05.31"]
[SourceVersion "1"]
[SourceVersionDate "2022.05.31"]
[SourceQuality "1"]

1. d4 Nf6 2. c4 g6 3. Nc3 d5 4. Nf3 Bg7 5. Qb3 dxc4 6. Qxc4 Be6 7. Qb5+ Bd7 8. Qxb7 Bc6 9. Qb4 0-0 10. e3 Bxf3 11. gxf3 Nc6 12. Qc5 Qd7 13. Bb5 1-0

[Event "Titled Tuesday intern op 08th Mar Early"]
[Site "Chess.com INT"]
[Date "2022.03.08"]
[Round "4"]
[White "Golsta, Madara"]
[Black "Seemann, Jakub"]
[Result "0-1"]
[WhiteElo "1982"]
[BlackElo "2298"]
[PlyCount "74"]
[EventDate "2022.03.08"]
[EventType "swiss (blitz)"]
[EventRounds "11"]
[EventCountry "USA"]
[SourceTitle "CBM 207 Extra"]
[Source "ChessBase"]
[SourceDate "2022.05.31"]
[SourceVersion "1"]
[SourceVersionDate "2022.05.31"]
[SourceQuality "1"]

1. e4 e6 2. d4 d5 3. Nc3 dxe4 4. Nxe4 Bd7 5. Nf3 Bc6 6. Bd3 Nd7 7. Qe2 Ngf6 8. Ng3 Be7 9. c3 0-0 10. Bd2 a5 11. 0-0-0 a4 12. Kb1 b6 13. Ne5 Bb7 14. Nh5 g6 15. Nxf6+ Nxf6 16. h4 h5 17. Bg5 Nd5 18. Nxg6 fxg6 19. Bxg6 Nf6 20. Qxe6+ Kg7 21. Bxh5 Bc8 22. Qc6 Bd7 23. Qf3 Nxh5 24. Qxh5 Bf5+ 25. Ka1 Rh8 26. Qf3 Bxg5 27. Qxf5 Bf6 28. Rh3 Rh6 29. Re1 Qd6 30. Re6 Qf8 31. Rg3+ Kf7 32. Rc6 Qe7 33. Rf3 Ra5 34. Qb1 Kg7 35. g4 Bxh4 36. Rxh6 Kxh6 37. Rh3 Qg5 0-1

[Event "Titled Tuesday intern op 15th Feb Early"]
[Site "Chess.com INT"]
[Date "2022.02.15"]
[Round "4"]
[White "Golizadeh, Asghar"]
[Black "Golsta, Madara"]
[Result "1-0"]
[WhiteElo "2455"]
[BlackElo "1982"]
[PlyCount "59"]
[EventDate "2022.02.15"]
[EventType "swiss (blitz)"]
[EventRounds "11"]
[EventCountry "USA"]
[SourceTitle "CBM 206 Extra"]
[Source "ChessBase"]
[SourceDate "2022.03.31"]
[SourceVersion "1"]
[SourceVersionDate "2022.03.31"]
[SourceQuality "1"]

1. e4 c5 2. Nf3 d6 3. Bb5+ Nd7 4. d4 cxd4 5. Qxd4 a6 6. Bxd7+ Bxd7 7. c4 Rc8 8. Nc3 b5 9. cxb5 axb5 10. 0-0 e5 11. Qd3 Nf6 12. Bg5 Be7 13. Bxf6 gxf6 14. Nd5 Bf8 15. Rfd1 Be6 16. Nh4 Rc4 17. Qf3 Bxd5 18. Rxd5 Rg8 19. g3 Be7 20. Nf5 Qa5 21. Rad1 Rc6 22. a3 Rc2 23. Nxe7 Kxe7 24. Rxd6 Rg6 25. Qb3 Rc4 26. Qd3 Kf8 27. Rd8+ Kg7 28. Qd6 h5 29. Qf8+ Kh7 30. Qh8# 1-0

[Event "Titled Tuesday intern op 15th Feb Early"]
[Site "Chess.com INT"]
[Date "2022.02.15"]
[Round "5"]
[White "Golsta, Madara"]
[Black "Vivas Zamora, Fabian Ernesto"]
[Result "0-1"]
[WhiteElo "1982"]
[BlackElo "2344"]
[PlyCount "76"]
[EventDate "2022.02.15"]
[EventType "swiss (blitz)"]
[EventRounds "11"]
[EventCountry "USA"]
[SourceTitle "CBM 206 Extra"]
[Source "ChessBase"]
[SourceDate "2022.03.31"]
[SourceVersion "1"]
[SourceVersionDate "2022.03.31"]
[SourceQuality "1"]

1. e4 e5 2. Nf3 Nc6 3. d4 exd4 4. Nxd4 Nf6 5. Nc3 Bb4 6. Nxc6 bxc6 7. Bd3 d5 8. exd5 0-0 9. 0-0 Bg4 10. f3 Bh5 11. Be3 cxd5 12. Bf2 Re8 13. Bh4 Qd6 14. Bxf6 Qxf6 15. Nxd5 Bc5+ 16. Kh1 Qd6 17. Nc3 Bd4 18. Ne4 Qh6 19. c3 Be5 20. Qd2 Bf4 21. Qf2 Rad8 22. Rad1 Bxh2 23. Kxh2 Bxf3+ 24. Kg1 Bxd1 25. Rxd1 Rxe4 26. Qf3 Ree8 27. Rf1 Qb6+ 28. Kh1 Qe6 29. Bc2 Qh6+ 30. Kg1 Qe3+ 31. Qxe3 Rxe3 32. Bb3 Rd7 33. Rf2 Re1+ 34. Kh2 g6 35. Rf4 Re2 36. Rb4 Rxb2 37. Ra4 Kg7 38. Rxa7 Rdd2 0-1

[Event "Titled Tuesday intern op 08th Feb Early"]
[Site "Chess.com INT"]
[Date "2022.02.08"]
[Round "8"]
[White "Golsta, Madara"]
[Black "Fernandez, Michael"]
[Result "1-0"]
[WhiteElo "1982"]
[BlackElo "2170"]
[PlyCount "67"]
[EventDate "2022.02.08"]
[EventType "swiss (blitz)"]
[EventRounds "11"]
[EventCountry "USA"]
[SourceTitle "CBM 206 Extra"]
[Source "ChessBase"]
[SourceDate "2022.03.31"]
[SourceVersion "1"]
[SourceVersionDate "2022.03.31"]
[SourceQuality "1"]

1. c4 c6 2. d4 d5 3. Nc3 Nf6 4. Nf3 e6 5. e3 Nbd7 6. Bd3 dxc4 7. Bxc4 b5 8. Bd3 Bd6 9. 0-0 0-0 10. e4 e5 11. Bg5 h6 12. Bh4 exd4 13. Nxd4 Qc7 14. Bg3 a6 15. Nf5 Bxg3 16. hxg3 Ne5 17. Bc2 Bxf5 18. exf5 Rad8 19. Qc1 c5 20. Qf4 b4 21. Ne4 Nd5 22. Qh4 f6 23. Bb3 Kh8 24. Rac1 Qe7 25. Nxc5 Rd6 26. Ne6 Rb8 27. Rfd1 Nb6 28. Rxd6 Qxd6 29. Qh5 Qd2 30. Rd1 Qxb2 31. f4 Nec4 32. Qf7 Rg8 33. Rd8 Qc1+ 34. Kh2 1-0

[Event "Titled Tuesday intern op 08th Feb Early"]
[Site "Chess.com INT"]
[Date "2022.02.08"]
[Round "2"]
[White "Guliev, Logman"]
[Black "Golsta, Madara"]
[Result "1-0"]
[WhiteElo "2260"]
[BlackElo "1982"]
[PlyCount "67"]
[EventDate "2022.02.08"]
[EventType "swiss (blitz)"]
[EventRounds "11"]
[EventCountry "USA"]
[SourceTitle "CBM 206 Extra"]
[Source "ChessBase"]
[SourceDate "2022.03.31"]
[SourceVersion "1"]
[SourceVersionDate "2022.03.31"]
[SourceQuality "1"]

1. e4 c5 2. Nf3 d6 3. d4 cxd4 4. Nxd4 Nf6 5. Nc3 g6 6. Be3 Bg7 7. f3 Nc6 8. Qd2 0-0 9. Bc4 Bd7 10. 0-0-0 Rc8 11. Bb3 Ne5 12. h4 h5 13. Bg5 Rc5 14. Kb1 b5 15. g4 Nc4 16. Qd3 Qc8 17. Bxf6 Bxf6 18. Nd5 Be6 19. Nxf6+ exf6 20. gxh5 Rxh5 21. f4 d5 22. Nxe6 fxe6 23. exd5 Kh7 24. dxe6 Qxe6 25. Rhe1 Qg4 26. Rg1 Qf5 27. Bxc4 bxc4 28. Qxc4 Rxh4 29. Rh1 Rh5 30. Qc7+ Kg8 31. Rhg1 Rc8 32. Rxg6+ Qxg6 33. Qxc8+ Kh7 34. Rd7+ 1-0

[Event "Titled Tuesday intern op 01st Feb-A"]
[Site "Chess.com INT"]
[Date "2022.02.01"]
[Round "7"]
[White "Golsta, Madara"]
[Black "Glavina, Pablo"]
[Result "0-1"]
[WhiteElo "2037"]
[BlackElo "2397"]
[PlyCount "64"]
[EventDate "2022.02.01"]
[EventType "swiss (blitz)"]
[EventRounds "11"]
[EventCountry "USA"]
[SourceTitle "CBM 206 Extra"]
[Source "ChessBase"]
[SourceDate "2022.03.31"]
[SourceVersion "1"]
[SourceVersionDate "2022.03.31"]
[SourceQuality "1"]

1. d4 g6 2. c4 Bg7 3. Nc3 c5 4. d5 e6 5. e4 exd5 6. exd5 Nf6 7. Nf3 0-0 8. Be2 Re8 9. 0-0 Ne4 10. Nxe4 Rxe4 11. Bd3 Re8 12. Qc2 d6 13. Bf4 Bg4 14. Nd2 Na6 15. a3 Nc7 16. Rab1 b5 17. b4 bxc4 18. Nxc4 Nxd5 19. Bxd6 cxb4 20. axb4 Rc8 21. Bc5 Nc3 22. Rb3 Nb5 23. Qa2 Rc7 24. h3 Be6 25. Qb1 Rd7 26. Rd1 Nc3 27. Rxc3 Bxc3 28. Ne3 Bg7 29. Be2 Rxd1+ 30. Bxd1 Qc7 31. Be2 Rb8 32. Qc1 a5 0-1

[Event "Titled Tuesday intern op 01st Feb-A"]
[Site "Chess.com INT"]
[Date "2022.02.01"]
[Round "9"]
[White "Navalgund, Niranjan"]
[Black "Golsta, Madara"]
[Result "0-1"]
[WhiteElo "2289"]
[BlackElo "2037"]
[PlyCount "80"]
[EventDate "2022.02.01"]
[EventType "swiss (blitz)"]
[EventRounds "11"]
[EventCountry "USA"]
[SourceTitle "CBM 206 Extra"]
[Source "ChessBase"]
[SourceDate "2022.03.31"]
[SourceVersion "1"]
[SourceVersionDate "2022.03.31"]
[SourceQuality "1"]

1. e3 Nf6 2. Nf3 g6 3. b3 Bg7 4. Bb2 0-0 5. g3 c5 6. Bg2 Nc6 7. 0-0 d6 8. d4 cxd4 9. Nxd4 Bd7 10. c4 Rc8 11. Nc3 Nxd4 12. Qxd4 a5 13. Nd5 Bc6 14. Nxf6+ Bxf6 15. Qd2 Bxb2 16. Qxb2 Bxg2 17. Kxg2 Rc5 18. Rad1 Qc8 19. Rd2 Rh5 20. h4 b5 21. Rc1 Rc5 22. Qd4 Qc6+ 23. Kg1 Rc8 24. Rdc2 Qf3 25. Qf4 Qxf4 26. gxf4 d5 27. Kf1 dxc4 28. bxc4 Rxc4 29. Rxc4 Rxc4 30. Rb1 b4 31. Rd1 Rc2 32. Rd7 Rxa2 33. Rxe7 a4 34. Rb7 b3 35. f5 gxf5 36. h5 h6 37. Rb6 Kg7 38. Kg2 b2 39. Kf3 a3 40. Rb3 Ra1 0-1

[Event "Titled Tuesday intern op 25th Jan"]
[Site "Chess.com INT"]
[Date "2022.01.25"]
[Round "1"]
[White "Seul, Georg"]
[Black "Golsta, Madara"]
[Result "1-0"]
[WhiteElo "2377"]
[BlackElo "2037"]
[PlyCount "41"]
[EventDate "2022.01.25"]
[EventType "swiss (blitz)"]
[EventRounds "11"]
[EventCountry "USA"]
[SourceTitle "CBM 206 Extra"]
[Source "ChessBase"]
[SourceDate "2022.03.31"]
[SourceVersion "1"]
[SourceVersionDate "2022.03.31"]
[SourceQuality "1"]

1. e4 c5 2. d3 g6 3. f4 Bg7 4. Nf3 Nc6 5. Be2 d6 6. 0-0 e6 7. c3 Nge7 8. Be3 0-0 9. d4 cxd4 10. cxd4 e5 11. fxe5 dxe5 12. d5 Nb8 13. Nc3 Nd7 14. Rc1 Nb6 15. Nb5 f5 16. Ng5 h6 17. d6 hxg5 18. dxe7 Qxe7 19. Bc5 Qf7 20. Bxb6 axb6 21. Nc7 1-0

[Event "Titled Tuesday intern op 04th Jan"]
[Site "Chess.com INT"]
[Date "2022.01.04"]
[Round "5"]
[White "Golsta, Madara"]
[Black "Andersson, Bjorn2222"]
[Result "0-1"]
[WhiteElo "2037"]
[BlackElo "2131"]
[PlyCount "118"]
[EventDate "2022.01.04"]
[EventType "swiss (blitz)"]
[EventRounds "11"]
[EventCountry "USA"]
[SourceTitle "EXT 2023"]
[Source "ChessBase"]
[SourceDate "2022.10.05"]
[SourceVersion "1"]
[SourceVersionDate "2022.10.05"]
[SourceQuality "1"]

1. e4 c5 2. Nf3 Nc6 3. d4 cxd4 4. Nxd4 Nf6 5. Nc3 e5 6. Ndb5 d6 7. Nd5 Nxd5 8. exd5 Ne7 9. c3 Ng6 10. Qa4 Bd7 11. Qb4 Bf5 12. Qa4 Bd7 13. Qb4 Bc8 14. Qc4 Rb8 15. Qa4 Bd7 16. Qxa7 Be7 17. Be3 0-0 18. Qa3 Nf4 19. 0-0-0 Bxb5 20. Bxb5 Ra8 21. Qb3 Nxg2 22. Bh6 Bg5+ 23. Bxg5 Qxg5+ 24. Kb1 Qf5+ 25. Ka1 Qxf2 26. Rdf1 Qc5 27. Rhg1 Nf4 28. h4 h5 29. c4 Ra5 30. Rg5 f6 31. Rg3 Rfa8 32. a4 Rxb5 33. cxb5 Qxd5 34. Qxd5+ Nxd5 35. b3 Ne7 36. Rxf6 d5 37. Re6 Nf5 38. Rg5 Nd4 39. Re7 Nxb3+ 40. Kb2 Nc5 41. Rgxg7+ Kh8 42. Rh7+ Kg8 43. Rxh5 d4 44. Rg5+ Kf8 45. Rc7 Nxa4+ 46. Kb3 e4 47. h5 d3 48. h6 d2 49. Rd7 Nc5+ 50. Kc2 Nxd7 51. h7 Kf7 52. Kxd2 Nf6 53. Rf5 Rh8 54. Ke3 Rxh7 55. Rc5 Ke6 56. b6 Rh3+ 57. Kf4 Rf3+ 58. Kg5 e3 59. Rc7 e2 0-1

[Event "Titled Tuesday intern op 04th Jan"]
[Site "Chess.com INT"]
[Date "2022.01.04"]
[Round "6"]
[White "Petrova, Irina"]
[Black "Golsta, Madara"]
[Result "1-0"]
[WhiteElo "2104"]
[BlackElo "2037"]
[PlyCount "141"]
[EventDate "2022.01.04"]
[EventType "swiss (blitz)"]
[EventRounds "11"]
[EventCountry "USA"]
[SourceTitle "EXT 2023"]
[Source "ChessBase"]
[SourceDate "2022.10.05"]
[SourceVersion "1"]
[SourceVersionDate "2022.10.05"]
[SourceQuality "1"]

1. e4 c5 2. Nf3 Nc6 3. Bb5 g6 4. Bxc6 dxc6 5. d3 Bg7 6. Nc3 e5 7. Be3 b6 8. Qd2 h6 9. h3 Qc7 10. 0-0 Nf6 11. Nh2 Nd7 12. f4 exf4 13. Bxf4 Ne5 14. Nf3 Be6 15. Nxe5 Bxe5 16. Bxh6 0-0-0 17. Bf4 g5 18. Bxe5 Qxe5 19. a4 g4 20. Qf4 Qd4+ 21. Qf2 Qg7 22. Qg3 Rdg8 23. h4 Qd4+ 24. Qf2 g3 25. Qxd4 cxd4 26. Ne2 c5 27. Rf4 Kc7 28. Raf1 Kd6 29. c3 dxc3 30. bxc3 Bb3 31. d4 Bc4 32. Re1 Bxe2 33. Rxe2 cxd4 34. cxd4 Ke6 35. Re3 Rh5 36. d5+ Ke7 37. Ref3 Rh6 38. Rxf7+ Kd6 39. R7f6+ Rxf6 40. Rxf6+ Ke5 41. Re6+ Kd4 42. d6 Rc8 43. Rf6 Kxe4 44. d7 Rd8 45. Rd6 Ke5 46. Rd1 Ke6 47. h5 Kf6 48. h6 Kg6 49. Rd6+ Kh7 50. Kf1 a6 51. Ke2 b5 52. axb5 axb5 53. Kf3 b4 54. Kxg3 b3 55. Rb6 Rxd7 56. Rxb3 Kxh6 57. Rb6+ Kg5 58. Rb5+ Kg6 59. Kh4 Rd1 60. Rb6+ Kg7 61. g4 Rd4 62. Kh5 Rd5+ 63. g5 Rd1 64. Rb7+ Kg8 65. Kh6 Rd2 66. Rb8+ Kf7 67. g6+ Kf6 68. Rb6+ Ke7 69. g7 Kf7 70. Rb7+ Kg8 71. Rb8+ 1-0

[Event "Lindores Abbey Blitz Tal Memorial"]
[Site "Riga"]
[Date "2021.11.08"]
[Round "16.59"]
[White "Bivol, Alina"]
[Black "Golsta, Madara"]
[Result "1-0"]
[WhiteElo "2226"]
[BlackElo "1938"]
[PlyCount "71"]
[EventDate "2021.11.08"]
[EventType "swiss (blitz)"]
[EventRounds "18"]
[EventCountry "LAT"]
[SourceTitle "CBM 205 Extra"]
[Source "ChessBase"]
[SourceDate "2022.01.31"]
[SourceVersion "1"]
[SourceVersionDate "2022.01.31"]
[SourceQuality "1"]

1. e4 c5 2. Nf3 d6 3. Bb5+ Nd7 4. d4 cxd4 5. Qxd4 a6 6. Be2 h6 7. c4 Ngf6 8. Nc3 g6 9. 0-0 Bg7 10. Rd1 0-0 11. h3 Nc5 12. e5 Nfd7 13. Be3 Nxe5 14. Nxe5 Bxe5 15. Qxe5 dxe5 16. Rxd8 Rxd8 17. Bxc5 Rd2 18. b3 Rc2 19. Bb4 a5 20. Bd1 axb4 21. Bxc2 bxc3 22. a4 Be6 23. Rd1 Ra6 24. c5 Rc6 25. b4 Bc4 26. Be4 Rc7 27. Rc1 Bb3 28. a5 f5 29. Rxc3 Be6 30. Bc2 Bd7 31. Bd3 e4 32. Be2 Kf8 33. b5 Ke8 34. c6 bxc6 35. b6 Rc8 36. a6 1-0

[Event "Lindores Abbey Blitz Tal Memorial"]
[Site "Riga"]
[Date "2021.11.08"]
[Round "9.54"]
[White "Dzagnidze, Nana"]
[Black "Golsta, Madara"]
[Result "1-0"]
[WhiteElo "2391"]
[BlackElo "1938"]
[PlyCount "65"]
[EventDate "2021.11.08"]
[EventType "swiss (blitz)"]
[EventRounds "18"]
[EventCountry "LAT"]
[SourceTitle "CBM 205 Extra"]
[Source "ChessBase"]
[SourceDate "2022.01.31"]
[SourceVersion "1"]
[SourceVersionDate "2022.01.31"]
[SourceQuality "1"]

1. d4 Nf6 2. c4 g6 3. Nf3 Bg7 4. g3 c5 5. Bg2 0-0 6. 0-0 cxd4 7. Nxd4 Nc6 8. Nc3 d6 9. Nc2 Be6 10. b3 Qd7 11. Re1 Rac8 12. Bb2 h5 13. Nd5 Bxd5 14. cxd5 Na5 15. Nd4 h4 16. Qd2 b6 17. Rac1 hxg3 18. hxg3 Qg4 19. Rxc8 Rxc8 20. Rc1 Re8 21. Rc7 Qh5 22. Nc6 Bh6 23. e3 Nxc6 24. dxc6 Ng4 25. Qd4 Ne5 26. Rxa7 Bg7 27. Qd2 Qf5 28. c7 Rc8 29. Rb7 Qb1+ 30. Qc1 Qf5 31. Rb8 Qd7 32. Rxc8+ Qxc8 33. Bb7 1-0

[Event "Lindores Abbey Blitz Tal Memorial"]
[Site "Riga"]
[Date "2021.11.08"]
[Round "5.53"]
[White "Golsta, Madara"]
[Black "Cori Tello, Deysi Estella"]
[Result "1-0"]
[WhiteElo "1938"]
[BlackElo "2397"]
[PlyCount "74"]
[EventDate "2021.11.08"]
[EventType "swiss (blitz)"]
[EventRounds "18"]
[EventCountry "LAT"]
[SourceTitle "CBM 205 Extra"]
[Source "ChessBase"]
[SourceDate "2022.01.31"]
[SourceVersion "1"]
[SourceVersionDate "2022.01.31"]
[SourceQuality "1"]

1. e4 d6 2. d4 g6 3. Nc3 Nf6 4. f4 Bg7 5. Nf3 0-0 6. e5 dxe5 7. fxe5 Nd5 8. Bc4 Nxc3 9. bxc3 c5 10. 0-0 Bg4 11. Be3 Nc6 12. h3 Bxf3 13. Rxf3 Rc8 14. Bb3 cxd4 15. cxd4 Na5 16. Qd2 b6 17. Raf1 Nxb3 18. axb3 b5 19. Kh1 Qd5 20. Ra1 Rc7 21. Ra5 Qe4 22. Qd3 Qxd3 23. cxd3 Rb8 24. Bd2 Rd7 25. Bc3 b4 26. Bb2 Rc8 27. Rf2 Rdc7 28. Ba1 e6 29. Kh2 Bh6 30. Rfa2 Bf4+ 31. g3 Rc2+ 32. Kg1 Bxg3 33. Rxa7 Bf2+ 34. Kf1 Be3 35. Ra8 Rxa8 36. Rxa8+ Kg7 37. d5 Bg5 1-0

[Event "FIDE Grand Swiss (Women)"]
[Site "Riga"]
[Date "2021.11.06"]
[Round "10"]
[White "Hoang, Thanh Trang"]
[Black "Golsta, Madara"]
[Result "1-0"]
[WhiteElo "2380"]
[BlackElo "2003"]
[PlyCount "73"]
[EventDate "2021.10.27"]
[EventType "swiss"]
[EventRounds "11"]
[EventCountry "LAT"]
[SourceTitle "CBM 205"]
[Source "ChessBase"]
[SourceDate "2021.12.31"]
[SourceVersion "1"]
[SourceVersionDate "2021.12.31"]
[SourceQuality "1"]

1. d4 Nf6 2. Nf3 g6 3. Bf4 Bg7 4. e3 d6 5. h3 0-0 6. c3 Nbd7 7. Be2 c5 8. 0-0 b6 9. a4 Bb7 10. Nbd2 a6 11. Bh2 Ra7 12. Qb3 Qa8 13. Rfd1 Ne4 14. Nxe4 Bxe4 15. Ne1 Bh6 16. d5 Nf6 17. c4 b5 18. axb5 axb5 19. Rxa7 Qxa7 20. cxb5 Rb8 21. Bc4 Bf5 22. Nc2 Ne8 23. Na3 Nc7 24. e4 Bd7 25. e5 Rb6 26. Qf3 Qb8 27. Qe2 Bf8 28. e6 fxe6 29. dxe6 Bxb5 30. Bxd6 Bxc4 31. Nxc4 Rxd6 32. Nxd6 exd6 33. e7 d5 34. Rxd5 Bxe7 35. Rd7 Bf8 36. Qc4+ Kh8 37. Qf7 1-0